000 00333nam a22001337a 4500
008 170829b xxu||||| |||| 00| 0 eng d
020 _a9780395873717
041 _aeng
080 _a070
100 _a39
101 _aMED
245 _aBROADCASSRING IN MAERICA A SURVEY OF ELECTRONIC MEDIA
_cSTERLING.H
942 _2udc
_cBK
999 _c25358
_d25358